Kabale University Library Catalogue

King Lear / (Record no. 2198)

MARC details
000 -LEADER
fixed length control field 01348cam a2200397 i 4500
001 - CONTROL NUMBER
control field 18069897
003 - CONTROL NUMBER IDENTIFIER
control field OSt
005 - DATE AND TIME OF LATEST TRANSACTION
control field 20251127020003.0
008 - FIXED-LENGTH DATA ELEMENTS--GENERAL INFORMATION
fixed length control field 140317t20121994enka b 000 0 eng
010 ## - LIBRARY OF CONGRESS CONTROL NUMBER
LC control number 2013498170
020 ## - INTERNATIONAL STANDARD BOOK NUMBER
International Standard Book Number 9780198392224 (softcover)
040 ## - CATALOGING SOURCE
Original cataloging agency DLC
Language of cataloging eng
Transcribing agency KABLIB
Modifying agency KABLIB
050 00 - LIBRARY OF CONGRESS CALL NUMBER
Classification number PR2819.A2
Item number G55 2012
082 00 - DEWEY DECIMAL CLASSIFICATION NUMBER
Classification number 822.3/
Edition number 23
Item number SHA
100 1# - MAIN ENTRY--PERSONAL NAME
Personal name Shakespeare, William,
Dates associated with a name 1564-1616.
9 (RLIN) 5348
245 10 - TITLE STATEMENT
Title King Lear /
Statement of responsibility, etc. William Shakespeare ; edited by Roma Gill, OBE, M.A. Cantab., B. Litt. Oxon.
250 ## - EDITION STATEMENT
Edition statement New edition.
264 #1 - PRODUCTION, PUBLICATION, DISTRIBUTION, MANUFACTURE, AND COPYRIGHT NOTICE
Place of production, publication, distribution, manufacture Oxford ;
-- New York :
Name of producer, publisher, distributor, manufacturer Oxford University Press,
Date of production, publication, distribution, manufacture, or copyright notice 2012.
264 #4 - PRODUCTION, PUBLICATION, DISTRIBUTION, MANUFACTURE, AND COPYRIGHT NOTICE
Date of production, publication, distribution, manufacture, or copyright notice ©1994
300 ## - PHYSICAL DESCRIPTION
Extent xliv, 162 pages :
Other physical details illustrations ;
Dimensions 22 cm.
336 ## - CONTENT TYPE
Content type term text
337 ## - MEDIA TYPE
Media type term unmediated
338 ## - CARRIER TYPE
Carrier type term vol.
490 0# - SERIES STATEMENT
Series statement Oxford school Shakespeare
500 ## - GENERAL NOTE
General note Originally published: 1994.
504 ## - BIBLIOGRAPHY, ETC. NOTE
Bibliography, etc. note Includes bibliographical references (page 160).
600 00 - SUBJECT ADDED ENTRY--PERSONAL NAME
Personal name Lear,
Titles and other words associated with a name King of England (Legendary character)
Form subdivision Drama.
9 (RLIN) 5975
650 #0 - SUBJECT ADDED ENTRY--TOPICAL TERM
Topical term or geographic name entry element Inheritance and succession
Form subdivision Drama.
9 (RLIN) 5976
650 #0 - SUBJECT ADDED ENTRY--TOPICAL TERM
Topical term or geographic name entry element Fathers and daughters
Form subdivision Drama.
9 (RLIN) 5977
650 #0 - SUBJECT ADDED ENTRY--TOPICAL TERM
Topical term or geographic name entry element Kings and rulers
Form subdivision Drama.
9 (RLIN) 5978
650 #0 - SUBJECT ADDED ENTRY--TOPICAL TERM
Topical term or geographic name entry element Aging parents
Form subdivision Drama.
9 (RLIN) 5979
650 #0 - SUBJECT ADDED ENTRY--TOPICAL TERM
Topical term or geographic name entry element Britons
Form subdivision Drama.
9 (RLIN) 5980
700 1# - ADDED ENTRY--PERSONAL NAME
Personal name Gill, Roma.
9 (RLIN) 5948
906 ## - LOCAL DATA ELEMENT F, LDF (RLIN)
a 7
b cbc
c orignew
d 2
e ncip
f 20
g y-gencatlg
942 ## - ADDED ENTRY ELEMENTS (KOHA)
Source of classification or shelving scheme Dewey Decimal Classification
Koha item type Book
Koha issues (borrowed), all copies 26
Holdings
Withdrawn status Lost status Source of classification or shelving scheme Damaged status Not for loan Home library Current library Shelving location Date acquired Total Checkouts Full call number Barcode Date last seen Date last checked out Price effective from Koha item type Total Renewals
    Dewey Decimal Classification     Education Library Mukombe Library Reserve Section 27.10.2020 2 822.3 SHA 3588 19.11.2024 12.11.2024 27.10.2020 Book  
    Dewey Decimal Classification     Education Library Mukombe Library Reserve Section 27.10.2020 2 822.3 SHA 3583 02.12.2025 26.11.2025 27.10.2020 Book  
    Dewey Decimal Classification     Education Library Mukombe Library Reserve Section 27.10.2020 1 822.3 SHA 3584 21.11.2024 15.11.2024 27.10.2020 Book  
    Dewey Decimal Classification     Education Library Education Library Reserve Section 27.10.2020 2 822.3 SHA 3586 23.11.2024 18.11.2024 27.10.2020 Book  
    Dewey Decimal Classification     Education Library Education Library Reserve Section 27.10.2020 3 822.3 SHA 3587 28.10.2025 21.10.2025 27.10.2020 Book 1
    Dewey Decimal Classification     Education Library Education Library Reserve Section 27.10.2020 1 822.3 SHA 3589 21.11.2024 19.11.2024 27.10.2020 Book  
    Dewey Decimal Classification     Education Library Education Library Reserve Section 27.10.2020 5 822.3 SHA 3585 07.11.2025 03.11.2025 27.10.2020 Book  
    Dewey Decimal Classification     Education Library Education Library Reserve Section 27.10.2020   822.3 SHA 3590 27.10.2020   27.10.2020 Book  
    Dewey Decimal Classification     Education Library Education Library Reserve Section 27.10.2020 6 822.3 SHA 3591 08.10.2025 02.10.2025 27.10.2020 Book  

Kabale University Library | Kabale University P.O Box 317, Kabale, Uganda
Tel : +256754017033, +256774661503 E-mail : library@kab.ac.ug